00620 2200205 4500001002100000005001500021035002000036007000300056008004100059020001800100082000800118084001400126100002200140245009300162250002900255260003600284300005600320650001100376504002700387INLIS00000000000383220251008070732 a0010-1025000108ta251008 b 0 ind  a979-28-0188-0 a530 a530 ANI c0 aAnis Dyah Rufaida1 aCiri-Ciri Benda di Sekitar Kita /cAnis Dyah Rufaida (Penulis); Daniel Endro (Ilustrasi) aCetakan Kedua Tahun 2009 aKlaten :bIntan Pariwara,c2008 aiv; 36 Halaman :bIlustrasi Berwarna; teks ;c25 cm 4aFisika aBibliografi Halaman 36